| 000 | 00719nam a22002177a 4500 | ||
|---|---|---|---|
| 999 |
_c93 _d93 |
||
| 003 | AR-CdUCM | ||
| 008 | 190221b ||||| |||| 00| 0 spa d | ||
| 040 |
_aMUNICIPALIDAD PROVINCIAL DEL CUSCO _cBIBLIOTECA MUNICIPAL DEL CUSCO |
||
| 082 |
_a985.03 / _bF54 |
||
| 100 |
_aFisher, John _9427 |
||
| 245 |
_aMinas y mineros en el Peru colonial : _b1776 - 1824 / _cFisher John |
||
| 260 |
_aCusco: _bInstituto de Estudios Peruanos , _c1977. |
||
| 300 |
_a253 paginas : _b20 cm. |
||
| 505 | _aHistoria del Peru -- Minas y Mineros Peruanos -- Peru Colonial... | ||
| 650 |
_aVirreynato. _9428 |
||
| 650 |
_aPeru. _9429 |
||
| 650 |
_aMineria. _9430 |
||
| 700 |
_aFisher John _9431 |
||
| 942 |
_2ddc _cLIBROS |
||
| 945 |
_artm _d2019-02-21 |
||